000
00318nam a22001337a 4500
008
190226b xxu||||| |||| 00| 0 eng d
020
_a
9780140513271
041
_a
eng
080
_a
910
100
_a
42
101
_a
GJEO
245
_a
The Pinguin Historical Atlas of North America
_c
Homberger, E
942
_2
udc
_c
BK
999
_c
54277
_d
54277